000 01108naa a22003137a 4500
001 BR8106268
003 BR-BrBNA
005 20240918174921.0
007 ta
008 230509b bl.||||| |||| 00| 0 por d
040 _aBR-BrBNA
_bpor
_cBiblioteca Nacional de Agricultura
041 _a(Pt)
072 _aF00
_b0430
_b3610
_b3876
_bG514
090 _aF00 BR8106268
100 1 _aLaca-Buendia, J.P. del C.
245 1 _aEfeito de desfolhantes em misturas com herbicidas na cultura algodoeira (Gossypium hirsutum L.), no Triangulo Mineiro [Minas Gerais, Brasil]
260 3 _aBelo Horizonte, MG (Brasil):
_c1981.
500 _aProjeto algodao. Relatorio 76/78 Belo Horizonte, MG (Brasil): 1981. p. 84-88 (BR8106268-AM)F00
650 _aALGODAO
650 _aDESFOLHANTE
650 _aHERBICIDA
650 _aREGULADOR DE CRESCIMENTO
650 _aTRATAMENTO
650 _aTRIANGULO MINEIRO
650 _aMINAS GERAIS
773 0 _tProjeto algodao. Relatorio 76/78
_wF00 BR8106268
_gBelo Horizonte, MG (Brasil), 1981. p. 84-88
909 _a202404
_bLucia
_c55
_dLucia Elande
942 _cAM
_2AGRIS
999 _c314338
_d314338